[Event "CZE-chT1E 2223"]
[Site "Czech Republic"]
[Date "2023.02.26"]
[Round "9.1"]
[White "Miculka, Petr"]
[Black "Bednar, Jakub"]
[Result "0-1"]
[WhiteElo "2093"]
[BlackElo "2218"]
[PlyCount "44"]
[EventDate "2022.10.08"]
[EventType "team-tourn"]
[EventRounds "11"]
[EventCountry "CZE"]
[SourceTitle "CBM 213 Extra"]
[Source "ChessBase"]
[SourceDate "2023.05.31"]
[SourceVersion "1"]
[SourceVersionDate "2023.05.31"]
[SourceQuality "1"]
[WhiteTeam "Poruba Slavoj II"]
[BlackTeam "Jundrov Jezdci"]
[WhiteTeamCountry "CZE"]
[BlackTeamCountry "CZE"]

1. e4 e5 2. Nf3 Nc6 3. Bb5 Nge7 4. c3 a6 5. Ba4 b5 6. Bb3 Ng6 7. d4 Be7 8. 0-0 d6 9. h3 0-0 10. Re1 Na5 11. Bc2 c5 12. Nbd2 Qc7 13. Nf1 exd4 14. cxd4 Bf6 15. e5 dxe5 16. dxe5 Rd8 17. Bd2 Be7 18. Ne3 Bb7 19. Nf5 Nc4 20. Nxe7+ Qxe7 21. Re4 Bxe4 22. Bxe4 Rxd2 0-1

[Event "CZE-chT2E 2122"]
[Site "Czech Republic"]
[Date "2022.02.27"]
[Round "9.7"]
[White "Svehla, Karel"]
[Black "Bednar, Jakub"]
[Result "1/2-1/2"]
[WhiteElo "2110"]
[BlackElo "2216"]
[PlyCount "34"]
[EventDate "2021.10.17"]
[EventType "team-tourn"]
[EventRounds "11"]
[EventCountry "CZE"]
[SourceTitle "EXT 2024"]
[Source "ChessBase"]
[SourceDate "2023.10.10"]
[SourceVersion "1"]
[SourceVersionDate "2023.10.10"]
[SourceQuality "1"]
[WhiteTeam "Brno VSK Univ"]
[BlackTeam "Jundrov Jezdci II"]
[WhiteTeamCountry "CZE"]
[BlackTeamCountry "CZE"]

1. d4 Nf6 2. c4 e6 3. Nc3 Bb4 4. Qb3 Nc6 5. e3 a5 6. Bd2 0-0 7. Be2 Bxc3 8. Bxc3 Ne4 9. Bf3 Nxc3 10. Qxc3 Qe7 11. Ne2 e5 12. Bxc6 exd4 13. Nxd4 bxc6 14. c5 Qf6 15. 0-0-0 d5 16. f3 Bd7 17. g4 Rfb8 1/2-1/2

[Event "CZE-chT2E 2122"]
[Site "Czech Republic"]
[Date "2021.12.19"]
[Round "5.6"]
[White "Bednar, Jakub"]
[Black "Seidl, Antonin"]
[Result "1-0"]
[WhiteElo "2216"]
[BlackElo "2077"]
[PlyCount "47"]
[EventDate "2021.10.17"]
[EventType "team-tourn"]
[EventRounds "11"]
[EventCountry "CZE"]
[SourceTitle "EXT 2024"]
[Source "ChessBase"]
[SourceDate "2023.10.10"]
[SourceVersion "1"]
[SourceVersionDate "2023.10.10"]
[SourceQuality "1"]
[WhiteTeam "Jundrov Jezdci II"]
[BlackTeam "Jihlava Gambit"]
[WhiteTeamCountry "CZE"]
[BlackTeamCountry "CZE"]

1. d4 Nf6 2. Bf4 c5 3. d5 b5 4. c4 bxc4 5. Nc3 Qa5 6. Qd2 d6 7. e4 Ba6 8. Nf3 Nbd7 9. Be2 g6 10. e5 dxe5 11. Nxe5 Nxe5 12. Bxe5 Bg7 13. 0-0 0-0 14. Qf4 Qb4 15. d6 Nd7 16. Bxg7 Kxg7 17. dxe7 Rfe8 18. Qd6 Nb6 19. Bf3 Rac8 20. a4 Qxb2 21. a5 Na8 22. Nd5 Qb5 23. Qe5+ Kh6 24. Nf6 1-0

[Event "CZE-chT2E 2122"]
[Site "Czech Republic"]
[Date "2021.11.07"]
[Round "2.7"]
[White "Bednar, Jakub"]
[Black "Makalous, Dan"]
[Result "1-0"]
[WhiteElo "2216"]
[BlackElo "1740"]
[PlyCount "63"]
[EventDate "2021.10.17"]
[EventType "team-tourn"]
[EventRounds "11"]
[EventCountry "CZE"]
[SourceTitle "EXT 2024"]
[Source "ChessBase"]
[SourceDate "2023.10.10"]
[SourceVersion "1"]
[SourceVersionDate "2023.10.10"]
[SourceQuality "1"]
[WhiteTeam "Jundrov Jezdci II"]
[BlackTeam "Brno Lokomotiva"]
[WhiteTeamCountry "CZE"]
[BlackTeamCountry "CZE"]

1. d4 Nf6 2. Bf4 d5 3. Nf3 Bg4 4. Ne5 Bf5 5. c3 Nbd7 6. Qb3 Rb8 7. Na3 a6 8. c4 e6 9. c5 Be7 10. e3 0-0 11. Be2 Nxe5 12. Bxe5 Nd7 13. Bg3 Bh4 14. 0-0 Bxg3 15. hxg3 Nf6 16. Qd1 Ne4 17. Nc2 a5 18. Rc1 b6 19. c6 Nd6 20. Na3 Qg5 21. Nb5 Nxb5 22. Bxb5 h5 23. Qf3 Bg4 24. Qf4 Qe7 25. e4 dxe4 26. Qxe4 Rbd8 27. a4 Rd6 28. Rfe1 Qf6 29. Qe5 Rfd8 30. Rc4 Qe7 31. f3 Bf5 32. Qxf5 1-0

[Event "CZE-chT2E 1920"]
[Site "Czech Republic"]
[Date "2019.11.17"]
[Round "3.6"]
[White "Brazdil, Roman"]
[Black "Bednar, Jakub"]
[Result "1/2-1/2"]
[WhiteElo "2079"]
[BlackElo "2189"]
[PlyCount "68"]
[EventDate "2019.10.13"]
[EventType "team-tourn"]
[EventRounds "11"]
[EventCountry "CZE"]
[SourceTitle "EXT 2024"]
[Source "ChessBase"]
[SourceDate "2023.10.10"]
[SourceVersion "1"]
[SourceVersionDate "2023.10.10"]
[SourceQuality "1"]
[WhiteTeam "Kromeriz Slavia II"]
[BlackTeam "Jundrov Jezdci"]
[WhiteTeamCountry "CZE"]
[BlackTeamCountry "CZE"]

1. e4 c5 2. Nf3 d6 3. d4 cxd4 4. Nxd4 Nf6 5. Nc3 a6 6. f3 e5 7. Nb3 Be6 8. Be3 d5 9. exd5 Nxd5 10. Nxd5 Qxd5 11. Qxd5 Bxd5 12. 0-0-0 Be6 13. Nc5 Bxc5 14. Bxc5 Nd7 15. Bd6 f6 16. Bd3 Kf7 17. Be4 Ra7 18. b3 Rc8 19. h4 g6 20. h5 Kg7 21. g4 b5 22. hxg6 hxg6 23. Rh2 Rg8 24. Rdh1 Nf8 25. g5 Rd7 26. Rd2 Kf7 27. gxf6 Kxf6 28. Rhd1 Bf5 29. Bc6 Rh7 30. Rd5 e4 31. Bxf8 Rxf8 32. Rd6+ Ke5 33. fxe4 Be6 34. R6d2 g5 1/2-1/2

[Event "CZE-chT1E 1819"]
[Site "Czech Republic"]
[Date "2019.03.24"]
[Round "10.5"]
[White "Bednar, Jakub"]
[Black "Kubik, Michael"]
[Result "1-0"]
[WhiteElo "2179"]
[BlackElo "2264"]
[PlyCount "71"]
[EventDate "2018.10.21"]
[EventType "team-tourn"]
[EventRounds "11"]
[EventCountry "CZE"]
[SourceTitle "CBM 189 Extra"]
[Source "ChessBase"]
[SourceDate "2019.05.31"]
[SourceVersion "1"]
[SourceVersionDate "2019.05.31"]
[SourceQuality "1"]
[WhiteTeam "Jundrov Jezdci"]
[BlackTeam "Frydek Mistek II"]
[WhiteTeamCountry "CZE"]
[BlackTeamCountry "CZE"]

1. e4 c5 2. Nf3 d6 3. d4 cxd4 4. Nxd4 Nf6 5. Nc3 Nc6 6. Be2 e5 7. Nf3 Be7 8. 0-0 0-0 9. Bg5 Be6 10. Bxf6 Bxf6 11. Nd5 Rc8 12. c4 Bg5 13. Nc3 a6 14. b3 Bh6 15. Qb1 f5 16. Rd1 Qe7 17. Nd5 Qf7 18. exf5 Bxf5 19. Bd3 g6 20. Be4 Rce8 21. Qd3 Nd4 22. Bxf5 Nxf3+ 23. Qxf3 gxf5 24. Ne3 Re6 25. Rd5 Kh8 26. Rad1 Qg6 27. Qg3 Qf6 28. Qh3 Qg6 29. c5 dxc5 30. Nc4 Bg7 31. Rxc5 e4 32. Rc7 b5 33. Ne3 f4 34. Rdd7 fxe3 35. Rxg7 exf2+ 36. Kf1 1-0

[Event "CZE-chT1E 1819"]
[Site "Czech Republic"]
[Date "2019.02.17"]
[Round "8.8"]
[White "Horak, Jan"]
[Black "Bednar, Jakub"]
[Result "1/2-1/2"]
[WhiteElo "1921"]
[BlackElo "2179"]
[PlyCount "79"]
[EventDate "2018.10.21"]
[EventType "team-tourn"]
[EventRounds "11"]
[EventCountry "CZE"]
[SourceTitle "CBM 189 Extra"]
[Source "ChessBase"]
[SourceDate "2019.05.31"]
[SourceVersion "1"]
[SourceVersionDate "2019.05.31"]
[SourceQuality "1"]
[WhiteTeam "Rychnov nad Kneznou"]
[BlackTeam "Jundrov Jezdci"]
[WhiteTeamCountry "CZE"]
[BlackTeamCountry "CZE"]

1. d4 Nf6 2. c4 e6 3. g3 d5 4. Bg2 Be7 5. Nf3 0-0 6. 0-0 b6 7. Nc3 Bb7 8. Qc2 Nbd7 9. Rd1 Qc8 10. b3 c5 11. Ba3 Re8 12. dxc5 dxc4 13. bxc4 Bxc5 14. Bxc5 Qxc5 15. Nb5 Red8 16. h3 Ne4 17. e3 a6 18. Nbd4 Qc7 19. Rac1 Ndc5 20. Nb3 Rac8 21. Nfd4 Nd6 22. Nf3 Be4 23. Qe2 Nf5 24. Nbd4 e5 25. Nxf5 Bxf5 26. Nh4 Bd3 27. Qg4 e4 28. Nf5 Qe5 29. Qg5 Kf8 30. Qh5 g6 31. Qh6+ Kg8 32. Nd4 Ne6 33. Nxe6 Qxe6 34. Qf4 Rxc4 35. Rxc4 Qxc4 36. Bxe4 b5 37. Rxd3 Rxd3 38. Bxd3 Qxd3 39. Qb8+ Kg7 40. Qe5+ 1/2-1/2

[Event "CZE-chT1E 1819"]
[Site "Czech Republic"]
[Date "2019.01.20"]
[Round "6.6"]
[White "Kulovana, Eva"]
[Black "Bednar, Jakub"]
[Result "1/2-1/2"]
[WhiteElo "2181"]
[BlackElo "2179"]
[PlyCount "50"]
[EventDate "2018.10.21"]
[EventType "team-tourn"]
[EventRounds "11"]
[EventCountry "CZE"]
[SourceTitle "CBM 188 Extra"]
[Source "ChessBase"]
[SourceDate "2019.02.28"]
[SourceVersion "1"]
[SourceVersionDate "2019.02.28"]
[SourceQuality "1"]
[WhiteTeam "Gordic"]
[BlackTeam "Jundrov Jezdci"]
[WhiteTeamCountry "CZE"]
[BlackTeamCountry "CZE"]

1. e4 e5 2. Nf3 Nc6 3. Bb5 Nge7 4. Nc3 g6 5. d4 exd4 6. Nd5 Bg7 7. Bg5 h6 8. Bf6 Bxf6 9. Nxf6+ Kf8 10. 0-0 d6 11. Nxd4 Kg7 12. Nd5 Bd7 13. Nxc6 Nxc6 14. Bxc6 Bxc6 15. Qd4+ f6 16. f4 Bxd5 17. exd5 Re8 18. Rae1 Qd7 19. f5 gxf5 20. Rxe8 Rxe8 21. Qxa7 Qb5 22. Qd4 Re4 23. Qf2 Qxb2 24. Qxf5 Qd4+ 25. Kh1 Qe5 1/2-1/2

[Event "CZE-chT1E 1819"]
[Site "Czech Republic"]
[Date "2019.01.06"]
[Round "5.7"]
[White "Mojzis, Jaroslav"]
[Black "Bednar, Jakub"]
[Result "1/2-1/2"]
[WhiteElo "2094"]
[BlackElo "2179"]
[PlyCount "103"]
[EventDate "2018.10.21"]
[EventType "team-tourn"]
[EventRounds "11"]
[EventCountry "CZE"]
[SourceTitle "CBM 188 Extra"]
[Source "ChessBase"]
[SourceDate "2019.02.28"]
[SourceVersion "1"]
[SourceVersionDate "2019.02.28"]
[SourceQuality "1"]
[WhiteTeam "Polabiny III"]
[BlackTeam "Jundrov Jezdci"]
[WhiteTeamCountry "CZE"]
[BlackTeamCountry "CZE"]

1. d4 Nf6 2. c4 e6 3. g3 d5 4. Bg2 Be7 5. Nf3 0-0 6. 0-0 b6 7. Nc3 Bb7 8. cxd5 Nxd5 9. Qc2 Nd7 10. Rd1 N7f6 11. Bg5 Nxc3 12. bxc3 Be4 13. Qb3 Qc8 14. c4 Qb7 15. Qe3 h6 16. Bxf6 Bxf6 17. Rac1 Rfd8 18. h4 Rac8 19. Ne1 Bxg2 20. Nxg2 c5 21. dxc5 Rxd1+ 22. Rxd1 Rxc5 23. Qd3 Qc8 24. Ne3 h5 25. Rd2 g6 26. Qa3 Ra5 27. Qb3 Qa6 28. Qc2 Ra3 29. Kg2 Kg7 30. Kg1 Qa5 31. Kg2 Qc5 32. Qe4 Qc7 33. Kh2 Ra4 34. Qc2 Rb4 35. Qd3 a5 36. a3 Rb2 37. Rxb2 Bxb2 38. a4 Qc6 39. Qc2 Bd4 40. Nd1 Qc5 41. e3 Bf6 42. Nb2 Qb4 43. Nd3 Qd6 44. Kg2 Qc6+ 45. Kg1 Qe4 46. Ne1 Qxc2 47. Nxc2 Kf8 48. Ne1 Ke7 49. Nd3 Kd6 50. Kf1 Bc3 51. Ke2 e5 52. e4 1/2-1/2

[Event "CZE-chT2E 1718"]
[Site "Czech Republic"]
[Date "2017.12.03"]
[Round "4.5"]
[White "Hladik, Josef"]
[Black "Bednar, Jakub"]
[Result "0-1"]
[WhiteElo "2040"]
[BlackElo "2177"]
[PlyCount "60"]
[EventDate "2017.10.15"]
[EventType "team-tourn"]
[EventRounds "11"]
[EventCountry "CZE"]
[SourceTitle "EXT 2022"]
[Source "ChessBase"]
[SourceDate "2021.10.06"]
[SourceVersion "1"]
[SourceVersionDate "2021.10.06"]
[SourceQuality "1"]
[WhiteTeam "Brno VSK Univ"]
[BlackTeam "Jundrov Jezdci"]
[WhiteTeamCountry "CZE"]
[BlackTeamCountry "CZE"]

1. Nf3 Nf6 2. d4 e6 3. e3 b6 4. Bd3 Bb7 5. 0-0 d5 6. b3 Nbd7 7. Bb2 Bd6 8. Nbd2 Ne4 9. Ne5 Nxd2 10. Qxd2 f6 11. Nxd7 Qxd7 12. c4 Qe7 13. Rac1 dxc4 14. Bxc4 0-0-0 15. Qe2 Kb8 16. Ba6 Ba8 17. a4 f5 18. Bb5 h5 19. Bc6 Bxh2+ 20. Kxh2 Qd6+ 21. Kg1 Bxc6 22. Qc4 Bd5 23. Qc3 h4 24. f4 h3 25. gxh3 g5 26. Rf2 Rxh3 27. Kf1 gxf4 28. Rxf4 Rg8 29. Rf2 Qg3 30. Ke2 Qxf2+ 0-1

[Event "CZE-chT2E 1314"]
[Site "Czech Republic"]
[Date "2014.02.16"]
[Round "8.5"]
[White "Bednar, Jakub"]
[Black "Navratilik, Pavel"]
[Result "1-0"]
[WhiteElo "2178"]
[BlackElo "2142"]
[PlyCount "95"]
[EventDate "2013.11.03"]
[EventType "team-tourn"]
[EventRounds "11"]
[EventCountry "CZE"]
[SourceTitle "EXT 2016"]
[Source "ChessBase"]
[SourceDate "2015.10.08"]
[SourceVersion "1"]
[SourceVersionDate "2015.10.08"]
[SourceQuality "1"]
[WhiteTeam "Brno Lokomotiva II"]
[BlackTeam "Postoupky"]
[WhiteTeamCountry "CZE"]
[BlackTeamCountry "CZE"]

1. e4 c5 2. c3 d5 3. exd5 Nf6 4. d4 Qxd5 5. Nf3 Nc6 6. Be2 Bf5 7. dxc5 e6 8. Qxd5 Nxd5 9. Nd4 Be4 10. 0-0 Bxc5 11. Nxc6 bxc6 12. Nd2 Nf4 13. Nxe4 Nxe2+ 14. Kh1 Nxc1 15. Nxc5 Ne2 16. g3 0-0-0 17. Rad1 Rxd1 18. Rxd1 Rd8 19. Rxd8+ Kxd8 20. Nb3 c5 21. Nxc5 Nc1 22. Kg2 Kc7 23. Kf3 Kc6 24. Ne4 Nd3 25. b3 h6 26. Ke3 Ne5 27. h3 a5 28. Nd2 Kc5 29. f4 Nc6 30. Ne4+ Kb6 31. Nd6 Nd8 32. Nc4+ Kb5 33. a4+ Ka6 34. Kd4 Nc6+ 35. Kc5 Ne7 36. Ne3 g5 37. fxg5 hxg5 38. h4 gxh4 39. gxh4 f5 40. h5 f4 41. Ng4 f3 42. h6 e5 43. h7 Ng6 44. Kd5 Kb6 45. Ke4 Kc5 46. Kxf3 Kd5 47. Ke3 Nh8 48. b4 1-0

[Event "CZE-chT2E 1314"]
[Site "Czech Republic"]
[Date "2014.02.02"]
[Round "7.5"]
[White "Bednar, Jakub"]
[Black "Kasik, Miroslav1"]
[Result "1-0"]
[WhiteElo "2178"]
[BlackElo "1985"]
[PlyCount "83"]
[EventDate "2013.11.03"]
[EventType "team-tourn"]
[EventRounds "11"]
[EventCountry "CZE"]
[SourceTitle "EXT 2016"]
[Source "ChessBase"]
[SourceDate "2015.10.08"]
[SourceVersion "1"]
[SourceVersionDate "2015.10.08"]
[SourceQuality "1"]
[WhiteTeam "Brno Lokomotiva II"]
[BlackTeam "Kromeriz Slavia II"]
[WhiteTeamCountry "CZE"]
[BlackTeamCountry "CZE"]

1. c4 Nf6 2. Nf3 e6 3. d4 b6 4. g3 Ba6 5. Qa4 Be7 6. Bg2 Bb7 7. 0-0 0-0 8. Nc3 d5 9. Ne5 c6 10. Rd1 Bd6 11. Nd3 Nbd7 12. Bf4 Qc7 13. cxd5 exd5 14. Rac1 Bxf4 15. Nxf4 Qd6 16. f3 g5 17. Nd3 Rfe8 18. Nf2 Re3 19. Rd3 Rxd3 20. Nxd3 a5 21. e4 b5 22. e5 bxa4 23. exd6 Ne8 24. Nc5 Bc8 25. N3xa4 Nxd6 26. Nxd7 Bxd7 27. Nb6 Ra7 28. Nxd7 Rxd7 29. Rxc6 Nb5 30. Rc5 Nxd4 31. Rxa5 Nc2 32. Kf2 d4 33. Rxg5+ Kf8 34. f4 Nb4 35. Rb5 Nxa2 36. Ke2 Rc7 37. Kd2 Nc1 38. Be4 Re7 39. Kxc1 Rxe4 40. Kd2 Ke7 41. Re5+ Rxe5 42. fxe5 1-0

[Event "CZE-chT2E 1213"]
[Site "Czech Republic"]
[Date "2013.03.03"]
[Round "10.7"]
[White "Benes, Miroslav"]
[Black "Bednar, Jakub"]
[Result "1/2-1/2"]
[WhiteElo "1963"]
[BlackElo "2159"]
[PlyCount "40"]
[EventDate "2012.10.14"]
[EventType "team-tourn"]
[EventRounds "11"]
[EventCountry "CZE"]
[SourceTitle "EXT 2016"]
[Source "ChessBase"]
[SourceDate "2015.10.08"]
[SourceVersion "1"]
[SourceVersionDate "2015.10.08"]
[SourceQuality "1"]
[WhiteTeam "Zlin II"]
[BlackTeam "Brno Lokomotiva"]
[WhiteTeamCountry "CZE"]
[BlackTeamCountry "CZE"]

1. d4 d5 2. c4 c6 3. Nc3 Nf6 4. Bg5 e6 5. e3 Nbd7 6. cxd5 exd5 7. Bd3 Be7 8. Nge2 Ne4 9. Bxe7 Qxe7 10. Bxe4 dxe4 11. Qc2 f5 12. h4 Nf6 13. Nf4 Be6 14. a3 Qf7 15. 0-0 0-0 16. b4 Nd5 17. Ncxd5 Bxd5 18. Rfc1 Rfd8 19. Qd2 Bc4 20. Qc3 b5 1/2-1/2

[Event "CZE-chT2E 1213"]
[Site "Czech Republic"]
[Date "2012.12.02"]
[Round "4.6"]
[White "Krejcirik, Radim"]
[Black "Bednar, Jakub"]
[Result "0-1"]
[WhiteElo "1901"]
[BlackElo "2159"]
[PlyCount "64"]
[EventDate "2012.10.14"]
[EventType "team-tourn"]
[EventRounds "11"]
[EventCountry "CZE"]
[SourceTitle "EXT 2016"]
[Source "ChessBase"]
[SourceDate "2015.10.08"]
[SourceVersion "1"]
[SourceVersionDate "2015.10.08"]
[SourceQuality "1"]
[WhiteTeam "Napajedla"]
[BlackTeam "Brno Lokomotiva"]
[WhiteTeamCountry "CZE"]
[BlackTeamCountry "CZE"]

1. d4 Nf6 2. c4 e6 3. Nf3 Bb4+ 4. Bd2 Qe7 5. a3 Bxd2+ 6. Nbxd2 d6 7. e3 0-0 8. Be2 c5 9. 0-0 b6 10. b4 Nbd7 11. Qc2 Bb7 12. bxc5 dxc5 13. a4 Nb8 14. Ne5 Rd8 15. a5 cxd4 16. exd4 Rxd4 17. axb6 axb6 18. Rxa8 Bxa8 19. Ra1 Bc6 20. Nb3 Rd8 21. c5 Be4 22. Qc3 Rc8 23. c6 Bxc6 24. Qd4 Nfd7 25. Rc1 Nxe5 26. Qxe5 Qb7 27. Nd4 Bd5 28. Rb1 Nc6 29. Qe3 Nxd4 30. Qxd4 Bxg2 31. Qxb6 Qxb6 32. Rxb6 Bd5 0-1

[Event "CZE-chT2E 1112"]
[Site "Czech Republic"]
[Date "2011.10.09"]
[Round "1.8"]
[White "Veselsky, Frantisek"]
[Black "Bednar, Jakub"]
[Result "0-1"]
[WhiteElo "1979"]
[BlackElo "2134"]
[PlyCount "84"]
[EventDate "2011.10.09"]
[EventType "team-tourn"]
[EventRounds "11"]
[EventCountry "CZE"]
[SourceTitle "EXT 2013"]
[Source "ChessBase"]
[SourceDate "2012.11.22"]
[SourceVersion "1"]
[SourceVersionDate "2012.11.22"]
[SourceQuality "1"]
[WhiteTeam "Hostalkova"]
[BlackTeam "Brno Lokomotiva II"]
[WhiteTeamCountry "CZE"]
[BlackTeamCountry "CZE"]

1. e4 c5 2. Nf3 Nc6 3. d4 cxd4 4. Nxd4 Nf6 5. Nc3 e5 6. Ndb5 d6 7. Nd5 Nxd5 8. exd5 Nb8 9. c4 Nd7 10. Bd3 Be7 11. 0-0 0-0 12. f4 a6 13. Nc3 exf4 14. Rxf4 Bg5 15. Rf2 Bxc1 16. Rxc1 Ne5 17. h3 Bxh3 18. Bxh7+ Kxh7 19. Qh5+ Kg8 20. Qxh3 Qc8 21. Qg3 Qxc4 22. Rf4 Qd3 23. Rg4 Qxg3 24. Rxg3 Rac8 25. Kf1 Rfe8 26. Re3 Nc4 27. Rxe8+ Rxe8 28. b3 Ne3+ 29. Kf2 Re5 30. Re1 Ng4+ 31. Kf1 Rxe1+ 32. Kxe1 f5 33. Ke2 Kf7 34. Kd3 Kf6 35. Kd4 Kg5 36. b4 Nf6 37. b5 Kg4 38. bxa6 bxa6 39. Ne2 g5 40. a4 f4 41. a5 f3 42. gxf3+ Kxf3 0-1

[Event "Brno Trade op"]
[Site "Brno"]
[Date "2011.08.23"]
[Round "4"]
[White "Vesely, Jaromir"]
[Black "Bednar, Jakub"]
[Result "0-1"]
[WhiteElo "1979"]
[BlackElo "2134"]
[PlyCount "98"]
[EventDate "2011.08.21"]
[EventType "swiss"]
[EventRounds "9"]
[EventCountry "CZE"]
[SourceTitle "CBM 144 Extra"]
[Source "ChessBase"]
[SourceDate "2011.10.28"]
[SourceVersion "1"]
[SourceVersionDate "2011.10.28"]
[SourceQuality "1"]

1. c4 Nf6 2. Nc3 e5 3. a3 g6 4. d3 Bg7 5. Nf3 d6 6. g3 0-0 7. Bg2 c6 8. 0-0 Qc7 9. Bd2 h6 10. Rc1 Be6 11. Qa4 Nbd7 12. b4 d5 13. cxd5 Nxd5 14. Ne4 g5 15. Nc5 Nxc5 16. Rxc5 Rad8 17. Rfc1 a6 18. Qd1 f5 19. e4 Ne7 20. exf5 Bxf5 21. Qb3+ Kh7 22. Bc3 Rxd3 23. Qb2 Ng6 24. Nd2 Rfd8 25. Re1 Qd7 26. Ne4 Rd1 27. Qe2 Qd3 28. Kf1 Rxe1+ 29. Bxe1 Qxa3 30. Rc3 Qa1 31. Bf3 Qb1 32. Re3 Ne7 33. Bg4 Rd4 34. Nc3 Bxg4 35. Nxb1 Bxe2+ 36. Kxe2 Nd5 37. Rb3 Re4+ 38. Kf1 Bf8 39. f3 Re3 40. Rxe3 Nxe3+ 41. Ke2 Nd5 42. Kd3 Kg6 43. Kc4 Kf5 44. Na3 e4 45. fxe4+ Kxe4 46. Nc2 Ne3+ 47. Nxe3 Kxe3 48. Bc3 b5+ 49. Kb3 g4 0-1

[Event "CZE-chT2D 1011"]
[Site "Czech Republic"]
[Date "2011.04.10"]
[Round "11"]
[White "Bednar, Jakub"]
[Black "Hajek, Jaroslav"]
[Result "1-0"]
[WhiteElo "2114"]
[BlackElo "2028"]
[PlyCount "53"]
[EventDate "2010.10.17"]
[EventType "team-tourn"]
[EventRounds "11"]
[EventCountry "CZE"]
[SourceTitle "EXT 2012"]
[Source "ChessBase"]
[SourceDate "2011.11.24"]
[SourceVersion "1"]
[SourceVersionDate "2011.11.24"]
[SourceQuality "1"]
[WhiteTeam "Brno Lokomotiva"]
[BlackTeam "Zajecice"]
[WhiteTeamCountry "CZE"]
[BlackTeamCountry "CZE"]

1. e4 d5 2. exd5 Qxd5 3. Nc3 Qd6 4. d4 Nf6 5. Nf3 a6 6. g3 Bg4 7. h3 Bh5 8. Bg2 Nc6 9. Be3 0-0-0 10. Qe2 e5 11. dxe5 Nxe5 12. g4 Bg6 13. Rd1 Nxf3+ 14. Qxf3 Qc6 15. Rxd8+ Kxd8 16. Qd1+ Qd7 17. Bxb7 Bd6 18. Qf3 Ke7 19. Bc6 Qe6 20. g5 Nd7 21. Bd5 Qf5 22. Qxf5 Bxf5 23. Kd2 Rb8 24. Kc1 Be5 25. Re1 Kf8 26. Ba7 Rb4 27. Rxe5 1-0

[Event "CZE-chT2D 1011"]
[Site "Czech Republic"]
[Date "2011.02.20"]
[Round "8"]
[White "Novotny, Michal"]
[Black "Bednar, Jakub"]
[Result "1-0"]
[WhiteElo "2255"]
[BlackElo "2114"]
[PlyCount "63"]
[EventDate "2010.10.17"]
[EventType "team-tourn"]
[EventRounds "11"]
[EventCountry "CZE"]
[SourceTitle "EXT 2012"]
[Source "ChessBase"]
[SourceDate "2011.11.24"]
[SourceVersion "1"]
[SourceVersionDate "2011.11.24"]
[SourceQuality "1"]
[WhiteTeam "Polabiny II"]
[BlackTeam "Brno Lokomotiva"]
[WhiteTeamCountry "CZE"]
[BlackTeamCountry "CZE"]

1. e4 e5 2. Nf3 Nf6 3. Nc3 Nc6 4. d4 exd4 5. Nxd4 Bb4 6. Nxc6 bxc6 7. Bd3 0-0 8. 0-0 d5 9. e5 Ng4 10. Bf4 f6 11. exf6 Qxf6 12. Bg3 Bd6 13. Qd2 Rb8 14. Rab1 Bxg3 15. hxg3 Bf5 16. Bxf5 Qxf5 17. f3 Ne5 18. b3 Nd7 19. Na4 Qe5 20. Qf2 Nb6 21. Nc5 d4 22. Nd3 Qd6 23. Rbd1 c5 24. c4 a5 25. Rfe1 Nd7 26. Re2 Rfe8 27. Rde1 Rxe2 28. Qxe2 a4 29. bxa4 Ra8 30. Qe4 Nb6 31. Rb1 Ra5 32. Rb5 1-0

[Event "CZE-chT2D 1011"]
[Site "Czech Republic"]
[Date "2010.10.17"]
[Round "1"]
[White "Bednar, Jakub"]
[Black "Pokorny, Zdenek"]
[Result "1/2-1/2"]
[WhiteElo "2114"]
[BlackElo "2286"]
[PlyCount "77"]
[EventDate "2010.10.17"]
[EventType "team-tourn"]
[EventRounds "11"]
[EventCountry "CZE"]
[SourceTitle "EXT 2012"]
[Source "ChessBase"]
[SourceDate "2011.11.24"]
[SourceVersion "1"]
[SourceVersionDate "2011.11.24"]
[SourceQuality "1"]
[WhiteTeam "Brno Lokomotiva"]
[BlackTeam "Chrudim"]
[WhiteTeamCountry "CZE"]
[BlackTeamCountry "CZE"]

1. e4 e5 2. Nf3 Nc6 3. d4 exd4 4. Bc4 Nf6 5. e5 d5 6. Bb5 Ne4 7. Nxd4 Bd7 8. Bxc6 bxc6 9. 0-0 c5 10. Ne2 Bc6 11. Nbc3 Nxc3 12. bxc3 Be7 13. Ng3 Qd7 14. c4 d4 15. Qd3 0-0 16. Qf5 f6 17. Qxd7 Bxd7 18. Bf4 Be6 19. exf6 Bxf6 20. Ne4 Bxc4 21. Rfe1 Rac8 22. Nxf6+ Rxf6 23. g3 Re6 24. Rxe6 Bxe6 25. Re1 Kf7 26. Re5 c4 27. Ra5 Ke7 28. Rxa7 Kd7 29. Kf1 Bf5 30. Be5 d3 31. cxd3 cxd3 32. Ke1 g5 33. Kd2 g4 34. Bf4 Kc6 35. a4 Kb6 36. Be3+ c5 37. Rf7 Bg6 38. Rf4 h5 39. Rf6+ 1/2-1/2

[Event "Brno Trade op"]
[Site "Brno"]
[Date "2010.08.28"]
[Round "8"]
[White "Bednar, Jakub"]
[Black "Krejci, Dalibor"]
[Result "1-0"]
[WhiteElo "2114"]
[BlackElo "1873"]
[PlyCount "51"]
[EventDate "2010.08.22"]
[EventType "swiss"]
[EventRounds "9"]
[EventCountry "CZE"]
[SourceTitle "CBM 138 Extra"]
[Source "ChessBase"]
[SourceDate "2010.10.29"]
[SourceVersion "1"]
[SourceVersionDate "2010.10.29"]
[SourceQuality "1"]

1. e4 c5 2. Nc3 e6 3. g3 d5 4. d3 d4 5. Nce2 e5 6. f4 Nc6 7. Nf3 Bd6 8. Bg2 Qc7 9. 0-0 Bg4 10. h3 Bxf3 11. Bxf3 h5 12. Bg2 0-0-0 13. fxe5 Nxe5 14. c3 c4 15. cxd4 Nxd3 16. Qa4 Nf6 17. b3 Bc5 18. Be3 Nb2 19. Qb5 Rxd4 20. Bxd4 Nxe4 21. Bxe4 Bxd4+ 22. Nxd4 Qxg3+ 23. Bg2 Qe3+ 24. Kh1 Qxd4 25. Qxb7+ Kd8 26. Rxf7 1-0

[Event "Brno Trade op"]
[Site "Brno"]
[Date "2010.08.24"]
[Round "4"]
[White "Bednar, Jakub"]
[Black "Ganaus, Hannes"]
[Result "1/2-1/2"]
[WhiteElo "2114"]
[BlackElo "2288"]
[PlyCount "89"]
[EventDate "2010.08.22"]
[EventType "swiss"]
[EventRounds "9"]
[EventCountry "CZE"]
[SourceTitle "CBM 138 Extra"]
[Source "ChessBase"]
[SourceDate "2010.10.29"]
[SourceVersion "1"]
[SourceVersionDate "2010.10.29"]
[SourceQuality "1"]

1. e4 c6 2. d4 d5 3. Nc3 dxe4 4. Nxe4 Bf5 5. Ng3 Bg6 6. h4 h6 7. Nh3 e6 8. Nf4 Bh7 9. c3 Nf6 10. Bd3 Bxd3 11. Nxd3 Nbd7 12. Qf3 Bd6 13. Bf4 Qc7 14. Bxd6 Qxd6 15. Ne4 Nxe4 16. Qxe4 0-0 17. 0-0 Rfd8 18. Rfe1 Rac8 19. Ne5 Nxe5 20. Qxe5 c5 21. Qxd6 Rxd6 22. dxc5 Rxc5 23. Rad1 Rcd5 24. Rxd5 Rxd5 25. Kf1 Kf8 26. Ke2 Ke7 27. Rc1 g5 28. hxg5 hxg5 29. c4 Re5+ 30. Kd3 Rf5 31. Ke3 a5 32. Rd1 Re5+ 33. Kd3 Kd6 34. Kc3+ Kc6 35. Rd2 g4 36. a3 g3 37. Kd4 Rg5 38. b4 Rg4+ 39. Kc3 gxf2 40. Rxf2 Rg3+ 41. Rf3 Rxg2 42. Rxf7 Rg3+ 43. Kd4 Rg4+ 44. Kd3 Rg3+ 45. Kd4 1/2-1/2